000
00365nam a2200133Ia 4500
008
231129s9999||||xx |||||||||||||| ||spa||
020
_a
968-7270-16-0
040
_b
spa
082
_a
620.112 G367m
100
_a
Gere James M.
245
0
_a
Mecanica de materiales
264
_a
Grupo Editorial Iberoamerica
942
_2
ddc
_c
BKS
999
_c
20825
_d
20825